La province d'Ile de France de A à Z - Statistiques

Statistiques générales
  • Ce quiz a été pris 25 fois
  • Le résultat moyen est 7 sur 26
Statistiques - réponses
Lettre Question Réponse % Correct
F Commune de Seine-et-Marne où on peut encore voir un château royal Fontainebleau
78%
O Département qui historiquement devrait appartenir à l'Ile-de-France Oise
78%
A Commune du Val d'Oise qui dépendait fiscalement avec sa région de Paris Argenteuil
65%
L Les Parisii habitaient cette ville au temps des Gaulois Lutèce
61%
Y Les Carnutes occupent le territoire de cet actuel département Yvelines
57%
X Commune des Hauts-de-Seine dans l'arrondissement d'Antony dont le nom se termine par un X Bagneux | Sceaux
43%
W Commune de l'Essonne située à la frontière avec les Hauts-de-Seine et le Val-de-Marne Wissous
39%
S La région de cette ville aujourd'hui en Bourgogne appartenait à l'Ile-de-France Sens
35%
K Seule commune d'Ile-de-France dont le nom commence par cette lettre Kremlin-Bicêtre
30%
J Commune de l'Yonne actuelle qui dépendait fiscalement avec sa région de Paris Joigny
26%
R La rive droite de l'Oise a longtemps été la possession de l'archidiocèse de Reims
26%
G Région située autour de Montargis ayant appartenu à la province d'Ile-de-France Gâtinais
22%
N Cet évêché appartient à l'Ile-de-France bien que son siège soit aujourd'hui dans les Hauts-de-France Noyon
22%
H Rive gauche de la Seine de Paris à l'actuel département de l'Essonne Hurepoix
17%
T Ville de Bourgogne célèbre pour une mystérieuse fosse qui appartenait à l'Ile-de-France Tonnerre
13%
D L'île de France correspond au (2 mots) domaine royal
9%
E Rivière qui sert de frontière avec la Normandie à partir de 911 Epte
9%
I Il était à la tête de la généralité de pays (circonscription fiscale) Intendant
9%
P On appelait les subdivisions des provinces des pays
9%
B Région d'une actuelle préfecture ayant appartenu à la province d'Ile-de-France Beauvaisis
4%
U Lieu de résidence de Gabrielle d'Estrées pendant qu'on réalise des travaux à Fontainebleau Ury
4%
C Les Carolingiens y possédaient un vaste domaine Clichy
0%
M Siège du plus important bailliage d'Ile-de-France (hors Paris) en 1789 Montfort-l'Amaury
0%
Q Commune située au centre du département de Seine-et-Marne Quiers
0%
Z On pourrait aussi appeler Saint-Guy cette commune du Val d'Oise mais elle perdrait son Z final Saint-Witz
0%
V Ce peuple occupe à l'époque gauloise le nord de la future province Véliocasses
0%
Aucun quiz correspondant
Distribution des résultats
% des personnes avec chaque résultat
Percentile par nombre de réponses
Votre historique - résultats
Vous n’avez pas pris ce quiz